Postavenie exportu v procese medzinárodnej expanzie firiem

Gespeichert in:
Bibliographische Detailangaben
1. Verfasser: Gofusová, Katarína, 1977-
Format: Buchkapitel
Sprache:Englisch
Tags: Tag hinzufügen
Keine Tags, Fügen Sie das erste Tag hinzu!

MARC

LEADER 00000naa$a2200000$$$4500
001 0142789
005 20240502083331.1
041 0 |a eng 
044 |a CZ 
245 1 0 |a Postavenie exportu v procese medzinárodnej expanzie firiem  |c Katarína Gofusová 
100 1 |a Gofusová, Katarína, 1977-